Разная переписка об увольнении учащихся и нелегальных организациях среди них, о правах различных учебных заведений, по денежным ...

Доступно только в Электронных читальных залах Найти на картеНа карте
RUSMARC
00003913nmc2a22002413x 450
001e71d2916-dfb7-4391-87ed-d3969b426109
00520201021101218.0
100##$a20200313l19111913k l0rusy0189 ca
1010#$arus
102##$aRU
105##$ay###
1222#$ad
2001#$aРазная переписка об увольнении учащихся и нелегальных организациях среди них, о правах различных учебных заведений, по денежным и хозяйственным вопросам, об экскурсиях учащихся, с жалобами на служащих, по газетным заметкам, о ревизии учебных заведениях и другое
$j11 января 1911 г. - 16 декабря 1913 г.
$hЧасть 2
215##$a54 л.
$d36,5х26 см
251##$cДело
300##$aДело
371##$aДокумент не является опубликованным и широко распространяемым
461#0$1001a74412a3-3cc5-4d21-8f0a-dfe2fbd9e72d
$12001
$aДепартамент народного просвещения Министерства народного просвещения (1803-1917)
$1251
$cФонд
$1852
$j733
462#0$100183b7be38-9039-4a55-aea0-0d9bd5775b1a
$12001
$aДела разряда учительских институтов, семинарий и низших учебных заведений
$1251
$cОпись
$1852
$j177
801#0$aRU
$bРГИА
$c20200313
$gRCR
801#1$aRU
$bГлавНИВЦ
$c20200313
$2rusmarc
801#2$aRU
$bПБ им. Б.Н. Ельцина
$c20201021
$gRCR
$2rusmarc
850##$aРГИА
852##$aРГИА
$eФедеральное казенное учреждение "Российский государственный исторический архив" (РГИА)
$j19
937##$hРГИА
$d12341085
$aASBIBLIO_SCAN
035##$aRusGRCC00002566
856##$uhttp://readingroom.main.prlib.ru/item.aspx?id_node=n149322794&mode=full
Формат отображения